Las aves de México en peligro de extinción / (Registro nro. 2490)

Detalles MARC
000 -CABECERA
Campo de control 01166nam a2200301 a 4500
005 - FECHA Y HORA DE LA ULTIMA TRANSACCION
Campo de control 20191224041637.0
008 - ELEMENTOS DE LONGITUD FIJA—INFORMACION GENERAL
Campo de control 140305t2000 mx abdofr|||| 001 0 spa d
020 ## - ISBN
ISBN 970900011X
040 ## - FUENTE DE CATALOGACIÓN
Agencia catalogadora original CO-BoIAVH
Agencia transcriptora CO-BoIAVH
041 0# - IDIOMA
Código de idioma para texto/pista de sonido o título separado Español
044 ## - PAÍS DE PUBLICACIÓN
País de publicación México
082 04 - NUMERO DE CLASIFICACION DECIMAL DEWEY
Número de clasificación 333.95822
Número del ítem C38a
100 1# - ASIENTO PRINCIPAL--NOMBRE PERSONAL
Nombre personal Ceballos, Gerardo
9 (RLIN) 16178
245 14 - MENCION DE TITULO
Título Las aves de México en peligro de extinción /
Mención de responsabilidad Gerardo Ceballos & Laura Márquez Valdelamar
260 ## - PUBLICACION, DISTRIBUCION, ETC. (PIE DE IMPRENTA)
Lugar de publicación, distribución, etc. México :
Nombre del editor, distribuidor, etc. CONABIO :
-- Instituto de Ecología Universidad Nacional de México :
-- Fondo de Cultura Económica,
Fecha de publicación, distribución, etc. c2000.
300 ## - DESCRIPCION FISICA
Extensión 430 Páginas :
Otros detalles físicos Ilustraciones, mapas, cuadros y fotografías ;
Dimensiones 28 x 21 cm.
650 14 - ASIENTO SECUNDARIO DE MATERIA - TERMINO TEMATICO
Término temático o nombre geográfico como elemento de entrada Especies amenazadas
Subdivisión geográfica México
9 (RLIN) 59765
650 24 - ASIENTO SECUNDARIO DE MATERIA - TERMINO TEMATICO
Término temático o nombre geográfico como elemento de entrada Aves
Subdivisión general Conservación de especies
Subdivisión geográfica México
9 (RLIN) 59766
650 24 - ASIENTO SECUNDARIO DE MATERIA - TERMINO TEMATICO
Término temático o nombre geográfico como elemento de entrada Conservación de la vida silvestre
Subdivisión geográfica México
9 (RLIN) 59767
650 24 - ASIENTO SECUNDARIO DE MATERIA - TERMINO TEMATICO
Término temático o nombre geográfico como elemento de entrada Protección de las aves
9 (RLIN) 25086
650 24 - ASIENTO SECUNDARIO DE MATERIA - TERMINO TEMATICO
Término temático o nombre geográfico como elemento de entrada Aves
Subdivisión geográfica México
9 (RLIN) 59769
650 06 - ASIENTO SECUNDARIO DE MATERIA - TERMINO TEMATICO
Término temático o nombre geográfico como elemento de entrada Conservación de Aves
Subdivisión geográfica México
9 (RLIN) 59770
650 ## - ASIENTO SECUNDARIO DE MATERIA - TERMINO TEMATICO
Término temático o nombre geográfico como elemento de entrada Biodiversidad
9 (RLIN) 92204
650 06 - ASIENTO SECUNDARIO DE MATERIA - TERMINO TEMATICO
Término temático o nombre geográfico como elemento de entrada Inventarios de aves
Subdivisión geográfica México
9 (RLIN) 59772
662 ## - ASIENTO SECUNDARIO DE MATERIA - JERARQUIA DEL NOMBRE DE LUGAR(
País o entidad mayor México
700 1# - ASIENTO SECUNDARIO - NOMBRE PERSONAL
Nombre personal Márquez Valdelamar, Laura,
Término de relación autora.
9 (RLIN) 15693
942 ## - ELEMENTOS ADICIONALES (KOHA)
Tipo de ítem Libro
Sistema de clasificación Dewey Decimal Classification
Existencias
Withdrawn status Lost status Sistema de Clasificación Damaged status No para préstamo Colección Inventariado Ubicación Permanente Ubicación actual Fecha de adquisición Fuente de Valor Valor Total Checkouts Número topográfico Inventario / Código de Barras Date last seen Ejemplar Price effective from Forma de adquisición Tipo de material
    Dewey Decimal Classification     General Inventariado 2017 Bogotá Bogotá 11/10/2001 Instituto 39000.00   LB-333.95822 C38a 003086 04/12/2012 Ej. 1 04/12/2012   Libro
    Dewey Decimal Classification     General Inventariado 2017 Sala Fabio Quevedo Sala Fabio Quevedo 19/08/2004 Instituto 39000.00   LB-333.95822 C38a 016501 04/12/2012 Ej. 2 04/12/2012   Libro